Mocart i Sal' jeri : tragedija Puškina : dramatičeskije sceny Rimskogo-Korsakova /

Hlavní autor: Belza, Igor‘ Fedorovič, 1904-1994
Jazyk: Ruština
Vydáno: Moskva : Muzgiz, 1953
Fyzický popis: 134 s.
Knihy
Uloženo v:
LEADER 00642nam a22001932a 4500
001 000974943
003 CZ BrMZK
005 20091111111818.0
007 ta
008 091103s1953 ru er|||||||||||rus d
040 |a BOA001  |b cze 
100 1 |a Belza, Igor‘ Fedorovič,  |d 1904-1994  |7 mzk2003194580  |4 aut 
245 1 0 |a Mocart i Sal' jeri :  |b tragedija Puškina : dramatičeskije sceny Rimskogo-Korsakova /  |c Igor' Fedorovič Belza 
260 |a Moskva :  |b Muzgiz,  |c 1953 
300 |a 134 s. 
910 |a BOA001  |b 1-0337.700 
990 |a BK 
991 |b 200911 
996 7 |b 2619394313  |c 1-0337.700  |l MZK  |r Sklad / do 1 hodiny  |n 0  |w 000974943  |u 000010  |a 1  |e BOA001  |j MZK50  |s A